Profesores ETSII-UPM - Estadísticas

Estadísticas generales
  • Esta prueba ha sido intentada 12 veces
    8 desde el último reinicio
  • La puntuación promedio es 14 de 22
Answers on the Grid
Answers color-coded by a green-red scale on the quiz's grid according to % correct below.
Pablo Garrido
Antonio Barrientos
Juan Ruiz-Roso
Enrique Pinto
Rafael Claramunt
Mar Moragues
Makrina Agagoglu
Pablo Álvarez
Aikaterini Fontainebleu
Jaime del Cerro
Ernesto Gambao
Javier Navarro
Miguel Ángel Peláez
Ángel García
Paloma López-Chaves
Pablo Vigara
Rafael Casquel
Benito del Río
Candela Sanchís
Miguel Morales
Jose Maria Cabanellas
Alvaro Lavín
Enrique Pastor
Juan Medinas
Manuel Cólera
Pedro Galán
Victor Muñoz
Alejandro Ferrer
Gauthier Castillo
Antonio Ramón
Sonia Areal
Francisco Franco
Juan Fernández
Luis del Monte
Araceli Hernández
Dionisio Ramírez
Guillermo López
 
Estadísticas de respuestas
Respuesta % Correcto
Pablo Garrido
100%
Aikaterini Fontainebleu
83%
Alvaro Lavín
83%
Antonio Barrientos
83%
Rafael Claramunt
83%
Ángel García
67%
Benito del Río
67%
Jose Maria Cabanellas
67%
Makrina Agagoglu
67%
Miguel Ángel Peláez
67%
Miguel Morales
67%
Pedro Galán
67%
Rafael Casquel
67%
Araceli Hernández
50%
Dionisio Ramírez
50%
Enrique Pinto
50%
Ernesto Gambao
50%
Francisco Franco
50%
Jaime del Cerro
50%
Victor Muñoz
50%
Manuel Cólera
33%
Pablo Vigara
33%
No se encontraron pruebas coincidentes
Distribución de puntuación
Porcentaje de gente con cada puntuación
Porcentaje por número respondido
Historial de tus puntuaciones
No has intentado esta prueba desde el último reinicio